Texas Quiz by Letter - L - Statistics

General Stats
  • This quiz has been taken 12 times
  • The average score is 5 of 10
Answer Stats
Question Answer % Correct
City on the Mexican border known as the largest inland port in the U.S. and major hub for international travel Laredo
100%
Texas is called the "____ ____ _____" Lone Star State
100%
In what city is Texas Tech University located in? Lubbock
83%
City in Texas named after a city in the United Kingdom London
75%
What is the mascot of the University of Texas? Longhorns
75%
City in Texas popularized by the 1977 Waylon Jennings and Willie Nelson song Luckenbach
33%
Air Force base in San Antonio known as the home of the U.S. Air Force's Basic Military Training (BMT) Lackland Air Force Base
25%
Lake that runs through downtown Austin that's a popular biking, kayaking, and paddleboarding spot Lady Bird Lake
17%
What is the birthplace of Tejano singer Selena Quintanilla? Lake Jackson
17%
Creature in Texas folklore often called the "Weeping Woman" La Llorona
8%
No matching quizzes found
Score Distribution
Percent of People with Each Score
Percentile by Number Answered
Your Score History
You have not taken this quiz